1646 1235 1746 1414 1649 1003 1383 1390 1972 1563 1356 1631 1478 1748 1047 1784 1887 1246 1304 1786 1476 1702 1230 1312 1778 1728 1765 1196 1513 1753 1005 1253 1554 1524 1159 1811 1098 1494 1606 1530 1683 1516 1615 1691 1657 1688 1980 1553 1441 1391 1386 1236 1714 1813 1537 1702 1599 1667 1931 1342 1801 1248 1972 1313 1879 1013 1906 1749 1980 1939 1903 1736 1859 1716 1761 1376 1088 1342 1426 1472 1359 1569 1735 1883 1879 1231 1462 1284 1370 1110 1057 1693 1111 1205 1689 1843 1163 1312 1730 BCNSPRNW ULIB Ver.6.0+V

เปลี่ยนเป็นภาษาไทย

Change to English
 แสดงรายละเอียดบรรณานุกรม
  กลับหน้าหลัก

Brief Record : Get Marc (ISO 2709) : E-mail record : QR code < ปิดหน้าต่าง
LEADER : 00000nam 2200000uu 4500
001    13399124767
003     ULIB
008    020711s2558 th a 000 0 tha d
020    9786167781044
050  4 DS586^bธ999พ ล.2
100    ธานัฐ ภัทรภาคร์,^eผู้รวบรวม
245    พงศาวดารสยาม เล่ม2 กรุงธนบุรีและกรุงเทพมหานครฯ/^cธานัฐ ภัทรภาคร์,ผู้รวบรวม
250    พิมพ์ครั้งที่ 1
260    นนทบุรี :^bคุ้มเกล้า,^c2558
300    198 หน้า;^b28.5 ซม.
650    ประวัติศาสตร์
650    พงศาวดาร
945    ^p450^l0^i23278
999    ^aทศพร เกษรทอง
รายการนี้ยังไม่มีแท็ก
คุณยังไม่ได้ล็อกอิน คุณสามารถมีกิจกรรมร่วมกับเว็บไซต์ได้ แต่ต้องล็อกอินก่อน ::
  ล็อกอิน

รายการสื่อสารสนเทศ

ลำดับที่ ประเภท เลขเรียก/บาร์โค้ด สถานที่ สถานะ
1. การศึกษาทั่วไป
การศึกษาทั่วไป
DS586 ธ999พ ล.2 ฉ.1 
  Barcode: 23278
ห้องสมุดวิทยาเขตนครสวรรค์
►หนังสือทั่วไป:l:General Books
บนชั้น

รายการใกล้เคียง
    หัวเรื่อง [ประวัติศาสตร์]
    หัวเรื่อง [พงศาวดาร]

BibComment


ยังไม่เคยถูกคอมเมนท์

คอมเมนท์ทรัพยากรรายการนี้
  คอมเมนท์: พงศาวดารสยาม เล่ม..


 Copyright 2026. Bcnsprnw @Library